[Event "EU-ch U12 Girls"]
[Site "Bratislava"]
[Date "2019.08.08"]
[Round "7"]
[White "Badaan, Rima"]
[Black "Darmaeva, Nomina"]
[Result "0-1"]
[WhiteElo "1269"]
[BlackElo "1389"]
[PlyCount "122"]
[EventDate "2019.08.02"]
[EventType "swiss"]
[EventRounds "9"]
[EventCountry "SVK"]
[SourceTitle "EXT 2020"]
[Source "ChessBase"]
[SourceDate "2019.10.17"]
[SourceVersion "1"]
[SourceVersionDate "2019.10.17"]
[SourceQuality "1"]

1. d4 d6 2. Nf3 Nf6 3. c4 Nbd7 4. Nc3 e5 5. e4 Be7 6. Be2 0-0 7. 0-0 c6 8. Re1 a6 9. a4 a5 10. Bf1 exd4 11. Nxd4 Nc5 12. h3 Re8 13. Bd3 Bf8 14. Bg5 h6 15. Bh4 g5 16. Bg3 Qb6 17. Rb1 Nxa4 18. Nxa4 Qxd4 19. e5 dxe5 20. Bxe5 Qd8 21. Qe2 Be6 22. Nb6 Qxb6 23. Bxf6 Bd7 24. Qc2 Bb4 25. Bh7+ Kf8 26. Qd3 Be6 27. Red1 Qc5 28. Rbc1 Rac8 29. b3 Ra8 30. Ra1 a4 31. Rxa4 Rxa4 32. Qd8 Ra8 33. Qc7 Rac8 34. Qg3 Bf5 35. Bxf5 Qxf5 36. Bb2 Rcd8 37. Ra1 Qf4 38. Qxf4 gxf4 39. Kf1 Rd6 40. g3 f3 41. Kg1 Re1+ 42. Rxe1 Bxe1 43. Ba3 Ke7 44. Kf1 Bc3 45. g4 Ke6 46. Bxd6 Kxd6 47. Kg1 Kc5 48. Kh2 Be5+ 49. Kg1 Kb4 50. Kf1 Bc3 51. Kg1 Kxb3 52. Kh2 Be5+ 53. Kg1 Kxc4 54. Kf1 Bc3 55. Kg1 b5 56. Kh2 Be5+ 57. Kg1 b4 58. Kf1 b3 59. Ke1 b2 60. Kd2 b1Q 61. Ke3 Qd3# 0-1

[Event "EU-ch U12 Girls"]
[Site "Bratislava"]
[Date "2019.08.04"]
[Round "3"]
[White "Badaan, Rima"]
[Black "Babajic, Ehlimana"]
[Result "1-0"]
[WhiteElo "1269"]
[BlackElo "1403"]
[PlyCount "49"]
[EventDate "2019.08.02"]
[EventType "swiss"]
[EventRounds "9"]
[EventCountry "SVK"]
[SourceTitle "EXT 2020"]
[Source "ChessBase"]
[SourceDate "2019.10.17"]
[SourceVersion "1"]
[SourceVersionDate "2019.10.17"]
[SourceQuality "1"]

1. d4 d5 2. Nf3 Nf6 3. e3 c5 4. c4 cxd4 5. exd4 dxc4 6. Bxc4 Bf5 7. Nc3 e6 8. 0-0 Be7 9. d5 exd5 10. Nxd5 0-0 11. Re1 Bc5 12. Bg5 Nbd7 13. Nxf6+ Nxf6 14. Qxd8 Raxd8 15. Re5 Bd3 16. Rxc5 Ne4 17. Bxd8 Nxc5 18. Be7 Rc8 19. Bxc5 Rxc5 20. Bxd3 g5 21. g4 Rd5 22. Rd1 h6 23. Bh7+ Kxh7 24. Rxd5 Kg6 25. h4 1-0